| 000 | 01458cam a22002174a 4500 | ||
|---|---|---|---|
| 005 | 20250605164134.0 | ||
| 008 | 250528s ||||||||||||||||||||||||d | ||
| 035 | _a18667 | ||
| 020 | _a135987636 | ||
| 040 |
_aGR-AtMCL _bgre _dGR-AtMCL _eAACR2 |
||
| 245 | 1 | _aModern Technical Writing / Third Edition | |
| 260 |
_bPrentice Hall, _c1975 |
||
| 300 | _a482 | ||
| 505 | 0 | _aPreface, Technical Writing in General, Introduction, Effective Style, Organization, Mechanics, Special Problems, Tables and Figures, Reports and Proposals and Oral Presentation, Special Elements in Reports, Procedure in Writing a Report, Formal and Semiformal Reports, Proposals, Oral Presentation of Technical Information, Business Correspondence, The Substance of Letters, Special Types of Letters, Letters Concerning Employment, Handbook of Fundamentals, Index. | |
| 520 | _aPreface, Technical Writing in General, Introduction, Effective Style, Organization, Mechanics, Special Problems, Tables and Figures, Reports and Proposals and Oral Presentation, Special Elements in Reports, Procedure in Writing a Report, Formal and Semiformal Reports, Proposals, Oral Presentation of Technical Information, Business Correspondence, The Substance of Letters, Special Types of Letters, Letters Concerning Employment, Handbook of Fundamentals, Index. | ||
| 700 | 1 |
_aJohnson Simon S _94936 |
|
| 700 | 1 |
_aSherman Theodore A _94937 |
|
| 942 | _cBK | ||
| 999 |
_c4012 _d4012 |
||